Questioning Miranda

This Article argues that the Supreme Court should go further and reexamine the basic principles underlying Miranda. Although its impact has been tamed by interpretation and practice, and although the hour is late, a case can be made for overruling Miranda. Miranda was not a wise or necessary decisio...

Ausführliche Beschreibung

Gespeichert in:  
Bibliographische Detailangaben
1. VerfasserIn: Caplan, Gerald M. (Verfasst von)
Medienart: Elektronisch Buch
Sprache:Englisch
Veröffentlicht: 1985
In:Jahr: 1985
Online-Zugang: Volltext (kostenfrei)
Verfügbarkeit prüfen: HBZ Gateway

MARC

LEADER 00000cam a22000002c 4500
001 1866915851
003 DE-627
005 20250128054857.0
007 cr uuu---uuuuu
008 231021s1985 xx |||||o 00| ||eng c
035 |a (DE-627)1866915851 
035 |a (DE-599)KXP1866915851 
040 |a DE-627  |b ger  |c DE-627  |e rda 
041 |a eng 
084 |a 2,1  |2 ssgn 
100 1 |a Caplan, Gerald M.  |e VerfasserIn  |4 aut 
245 1 0 |a Questioning Miranda 
264 1 |c 1985 
336 |a Text  |b txt  |2 rdacontent 
337 |a Computermedien  |b c  |2 rdamedia 
338 |a Online-Ressource  |b cr  |2 rdacarrier 
520 |a This Article argues that the Supreme Court should go further and reexamine the basic principles underlying Miranda. Although its impact has been tamed by interpretation and practice, and although the hour is late, a case can be made for overruling Miranda. Miranda was not a wise or necessary decision, nor has Miranda proved to be, as is generally contended, a harmless one. It sent our jurisprudence on a hazardous detour by introducing novel conceptions of the proper relationship between the suspect and authority. It accentuated just those features of our system that manifest the least regard for truth seeking, that imagine the criminal trial as a game of chance in which the offender should always have some prospect of victory, and that ultimately reflect doubt on the rectitude of our laws and institutions. Beyond this, it was decided at a time when effective alternatives for restraining unlawful police conduct were ripe for implementation. This Article is divided into six parts. Part II discusses historical perspectives toward interrogation and confession and explore show Miranda may have influenced these perspectives. Part III traces the Supreme Court's attempt to fashion a means of controlling police misconduct without substantially impairing the effectiveness of criminal investigation. The focus of this section is on the due process clause of the fourteenth amendment. Part IV illustrates through two cases--Gallegos v. Colorado and Escobedo v.Illinois --the erosion of the fourteenth amendment voluntariness test. Part V critiques Miranda. Part VI examines how police have received and adapted to Miranda and attempts to assess the consequences. The final section makes the argument for overruling the decision and suggests alternative ways to limit police misconduct 
856 4 0 |u https://core.ac.uk/download/328106150.pdf  |x Verlag  |z kostenfrei  |3 Volltext  |7 0 
935 |a mkri 
951 |a BO 
ELC |a 1 
LOK |0 000 xxxxxcx a22 zn 4500 
LOK |0 001 4394725917 
LOK |0 003 DE-627 
LOK |0 004 1866915851 
LOK |0 005 20231021043627 
LOK |0 008 231021||||||||||||||||ger||||||| 
LOK |0 035   |a (DE-2619)CORE87156601 
LOK |0 040   |a DE-2619  |c DE-627  |d DE-2619 
LOK |0 092   |o n 
LOK |0 852   |a DE-2619 
LOK |0 852 1  |9 00 
LOK |0 935   |a core 
LOK |0 939   |a 21-10-23  |b l01 
OAS |a 1 
ORI |a SA-MARC-krimdoka001.raw